000 00500nam a2200181Ia 4500
999 _c23419
_d23419
003 OSt
005 20201230100633.0
008 190216s9999||||xx |||||||||||||| ||und||
020 _a9789380081175
040 _coclc
082 _a892.714
_bMUH/F
100 _aMuhammad, Qadi
_96358
245 0 _aFath Al-Mubin /
_cQadi Muhammad
260 _bOther Books,
_c2015.
_aCalicut:
300 _a85p
650 _aIslamic History
942 _cBK
_2ddc
_h892.714
_iMUH/F
_k892.714
_mMUH/F